000
00339nam a2200133Ia 4500
008
150201s2014 xx 000 0 und d
082
_a
617.63
_b
O2013S
100
_a
SCULLY ,CRISPIAN
245
_a
ORAL & MAXILLOFACIAL MEDICINE
250
_a
3RD
260
_b
CHURCHIL LIVINGSTONE PUBLICATION
650
_a
ORAL MEDICINE
942
_2
ddc
_c
BK
999
_c
4891
_d
4891